Zgadnij Państwo po Sąsiadach od A-Z - Statystyki

Ogólne statystyki
  • Ten quiz został rozwiązany 67 razy
    57 od ostatniego zresetowania
  • Średni wynik to 21 z 24
Statystyki odpowiedzi
Hint Odpowiedź % Poprawnych
B-Niemcy,Holandia,Francja i Luksemburg Belgia
98%
F-Andora,Belgia,Luksemburg,Niemcy,Szwajcaria,Włochy i Hiszpania Francja
98%
I- UK Irlandia
98%
J-Oman i Arabia Saudyjska Jemen
98%
P-Niemcy,Czechy,Słowacja,Ukraina,Białoruś,Litwa I Rosja Polska
96%
K-Korea Północna Korea Południowa
94%
O- zea,Jemen,Arabia Saudyjska Oman
94%
R-Mołdawia,Ukraina,Węgry,Serbia i Bułgaria Rumunia
94%
A-Zea,Oman,Jemen,Irak,Jordania,Kuwejt i Katar Arabia Saudyjska
92%
C-Niger,Libia,Sudan,Rśa i Kamerun Czad
92%
H-Salwador,Gwatemala i Nikaragua Honduras
92%
L-Tunezja,Algieria,Niger,Czad,Sudan i Egipt Libia
90%
U-Brazylia i Argentyna Urugwaj
90%
W-Włochy Watykan
90%
V-❌ Vanuatu
88%
E-Dżibuti,Etiopia i Sudan Erytrea
85%
N - (oceania) ❌ Nauru
85%
S-Honduras i Gwatemala Salwador
85%
D-Rśa,Sudan południowy,Uganda,Rwanda,Burundi,Zambia,Angola i Kongo Demokratyczna Republika Konga
83%
Czy podoba ci się quiz ?? Tak
83%
Z-Mozambik,Namibia,Zambia,Botswana i RPA Zimbabwe
81%
G-Senegal Gambia
79%
T-Benin,Burkina Faso i Ghana Togo
73%
M-Malezja,Brunei i Indonezja Malezja
67%
Nie znaleziono quizów pasujących do podanych kryteriów
Rozkład punktacji
Procent ludzi z każdym wynikiem
Percentyl według liczby udzielonych odpowiedzi
Twoja historia wyników
Nie rozwiązałeś tego quizu od ostatniego zresetowania